<?xml version="1.0" encoding="UTF-8"?>
<collection xmlns="http://www.loc.gov/MARC21/slim">
    <record>
        <controlfield tag="001">66102</controlfield>
        <controlfield tag="005">20180223094424.0</controlfield>
        <datafield tag="037" ind1=" " ind2=" ">
            <subfield code="a">GDOC-2016-26303</subfield>
        </datafield>
        <datafield tag="041" ind1=" " ind2=" ">
            <subfield code="a">spa</subfield>
        </datafield>
        <datafield tag="100" ind1=" " ind2=" ">
            <subfield code="0">(orcid)0000-0001-8951-3643</subfield>
            <subfield code="1">124214</subfield>
            <subfield code="a">Guillén Correas, Roberto</subfield>
        </datafield>
        <datafield tag="245" ind1="0" ind2="0">
            <subfield code="9">26303</subfield>
            <subfield code="a">Estadística</subfield>
        </datafield>
        <datafield tag="242" ind1="0" ind2="0">
            <subfield code="9">26303</subfield>
            <subfield code="a">Statistics</subfield>
        </datafield>
        <datafield tag="260" ind1=" " ind2=" ">
            <subfield code="a">Zaragoza</subfield>
            <subfield code="b">Universidad de Zaragoza</subfield>
            <subfield code="c">2016-2017</subfield>
        </datafield>
        <datafield tag="520" ind1=" " ind2=" ">
            <subfield code="a">Breve presentación de la asignatura
La asignatura Estadística se desarrolla durante el primer cuatrimestre del primer curso del Grado en Ciencias de la Actividad Física y del Deporte.
Consta de dos horas semanales de clase de teoría para todo el grupo, una hora y media de prácticas para cada tercio del grupo y una hora de seminarios prácticos en la que el grupo se divide en cuatro.
Aún siendo una única asignatura consta de dos partes diferenciadas: parte cualitativa y parte cuantitativa.
La parte cualitativa se dedica a metodología en investigación y la parte cuantitativa está diseñada para analizar los datos obtenidos.
Se da mucha importancia a la práctica, en aula de informática, complementada con la elaboración de un trabajo práctico.</subfield>
            <subfield code="b"> </subfield>
        </datafield>
        <datafield tag="521" ind1=" " ind2=" ">
            <subfield code="9">113</subfield>
            <subfield code="a">Ciencias de la Actividad Física y del Deporte</subfield>
        </datafield>
        <datafield tag="540" ind1=" " ind2=" ">
            <subfield code="a">by-nc-sa</subfield>
            <subfield code="b">Creative Commons</subfield>
            <subfield code="c">3.0</subfield>
            <subfield code="u">http://creativecommons.org/licenses/by-nc-sa/3.0/</subfield>
        </datafield>
        <datafield tag="700" ind1=" " ind2=" ">
            <subfield code="0">(orcid)0000-0003-2827-5025</subfield>
            <subfield code="1">386230</subfield>
            <subfield code="a">Lasala Calleja, María Pilar</subfield>
        </datafield>
        <datafield tag="830" ind1=" " ind2=" ">
            <subfield code="9">295</subfield>
        </datafield>
        <datafield tag="856" ind1="4" ind2=" ">
            <subfield code="s">10335</subfield>
            <subfield code="u">http://zaguan.unizar.es/record/66102/files/guia-26303-en.pdf</subfield>
            <subfield code="y">Guide (english)</subfield>
        </datafield>
        <datafield tag="856" ind1="4" ind2=" ">
            <subfield code="s">24545</subfield>
            <subfield code="u">http://zaguan.unizar.es/record/66102/files/guia-26303-es.pdf</subfield>
            <subfield code="y">Guía (idioma español)</subfield>
        </datafield>
        <datafield tag="970" ind1=" " ind2=" ">
            <subfield code="a">GDOC-2016-26303</subfield>
        </datafield>
        <datafield tag="980" ind1=" " ind2=" ">
            <subfield code="a">GDOC</subfield>
            <subfield code="b">Ciencias sociales y jurídicas</subfield>
            <subfield code="c">229</subfield>
        </datafield>
    </record>

    
</collection>